000 00907cam a22002657a 4500
005 20220329141122.0
008 971010s1989 r 00010 d
010 _a62875
011 _a63847
035 _a68383
082 _a636.0896
_bC6y 1986
100 0 0 _aColes, Ernbert H.
_925128
245 0 _aDiagnóstico y patología en Veterinaria
260 _aMéxico, D. F. :
_bInteramericana,
_c1989
300 _a496 p.
500 _aTrad. de: Veterinary clinical pathology, 4 ed. en inglés de 1986
590 _aBATCH-UPD
_b10
_c20130110
_lUCH01
_h0825
590 _aBATCH-UPD
_b10
_c20130410
_lUCH01
_h0503
590 _aBATCH-UPD
_b10
_c20130914
_lUCH01
_h1904
590 _aCONVERSION
_b10
_c20130109
_lUCH01
_h1334
650 1 4 _aPatología veterinaria.
_986194
650 1 4 _aVeterinaria
_xDiagnóstico.
_9118992
901 _aBK
949 _a636.0896 C6y 1986
_bZ
_cLIBRO
_d-501
_eLIBRO
_gI. c/e
_h622
_i68383
_si
999 _c62875
_d62875